USA WW2 Aircraft - Statistics

General Stats
  • This quiz has been taken 213 times
  • The average score is 19 of 40
Answer Stats
Answer % Correct
P-26 / Peashooter
97%
P-36 / Hawk
97%
P-38 / Lightning
97%
P-39 / Airacobra
97%
P-40 / Warhawk
97%
P-51 / Mustang
97%
P-59 / Airacomet
97%
P-61 / Blackwidow
97%
P-63 / Kingcobra
97%
B-17 / Flying fortress
93%
B-24 / Liberator
93%
B-25 / Mitchell
93%
B-26 / Marauder
93%
B-29 / Super fortress
93%
F-82 / Twin-mustang
84%
F6F / Hellcat
52%
F4U-4 / Corsair 4
50%
F4U-7 / Corsair 7
50%
SBD-3 / Dauntless
43%
F4F / Wildcat
40%
TBF-1C / Avenger
26%
F8F / Bearcat
25%
PBY-5 / Catalina
24%
SB2C-2 / Helldiver
19%
SB2C-4 / Helldiver
19%
F2A-3 / Buffalo
16%
F7F / Tigercat
16%
OS2U / Kingfisher
7%
SB2U-2 / Vindicator
7%
PB4Y-2 / Privateer
6%
AD-2 / Skyraider 2
4%
AD-4 / Skyraider 4
4%
F2G-1 / Corair
4%
PBM-1 / Mariner
4%
AM-1 / Mauler
3%
F4U-1A / Corsair 1A
2%
F4U-1C / Corsair 1C
2%
A2D-1 / Skyshark
1%
F4U-1D / Corsair 1D
1%
F4U-4B / Corsair 4B
1%
No matching quizzes found
Score Distribution
Percent of People with Each Score
Percentile by Number Answered
Your Score History
You have not taken this quiz